[Event "11. Lichtenberger Sommer"]
[Site "Berlin"]
[Date "2012.08.19"]
[Round "2.41"]
[White "Reiche, Andreas"]
[Black "Jeremic, Dusan"]
[Result "0-1"]
[WhiteElo "1935"]
[BlackElo "2210"]
[PlyCount "92"]
[EventDate "2012.??.??"]
[WhiteTeam "SV Berolina Mitte e.V."]
[BlackTeam "BSC Rehberge 1945 e.V."]

1. e4 c5 2. Nf3 d6 3. c4 Nc6 4. d4 cxd4 5. Nxd4 Nf6 6. Nc3 a6 7. Nxc6 bxc6 8.
Be2 e5 9. O-O Be7 10. f4 exf4 11. Bxf4 O-O 12. Kh1 Qc7 13. c5 Rd8 14. Rc1 Be6
15. Qd3 Ne8 16. Rfd1 Qa5 17. cxd6 Nxd6 18. Qg3 Nb5 19. Rxd8+ Rxd8 20. Bxb5 axb5
21. Bc7 Qa7 22. Bxd8 Bxd8 23. Qd6 Bg5 24. Rd1 Qa8 25. a3 h6 26. h3 Qb7 27. Ne2
Be7 28. Qd3 c5 29. Nc3 b4 30. axb4 cxb4 31. Nd5 Bf8 32. Qc4 Qb8 33. Ra1 Kh7 34.
Qd4 Qg3 35. Qe3 Qe5 36. Qe1 Bd6 37. Kg1 f5 38. Rd1 fxe4 39. Ne3 Bc5 40. Kh1
Qxb2 41. Nd5 Bf5 42. Rb1 Qe5 43. Nxb4 Bd6 44. Qg1 Qg3 45. Rb2 e3 46. Nc2 Be4
0-1

[Event "11. Lichtenberger Sommer"]
[Site "Berlin"]
[Date "2012.08.19"]
[Round "2.42"]
[White "Langner, Tobias"]
[Black "Kapr, Klaus"]
[Result "1-0"]
[WhiteElo "1948"]
[BlackElo "2095"]
[PlyCount "81"]
[EventDate "2012.??.??"]
[WhiteTeam "USV Potsdam e.V., Abt. Schach"]
[BlackTeam "SC Friesen Lichtenberg e.V."]

1. e4 d5 2. exd5 Qxd5 3. Nc3 Qa5 4. d4 Nf6 5. Nf3 Bf5 6. Bc4 e6 7. Bd2 c6 8.
O-O Qc7 9. Re1 Be7 10. h3 Nbd7 11. Bb3 O-O 12. Nh4 Bg6 13. Nxg6 hxg6 14. Qf3
Rad8 15. Rad1 b5 16. Ne2 c5 17. c3 a6 18. Bf4 Bd6 19. Bxd6 Qxd6 20. dxc5 Qxc5
21. Nd4 Ne5 22. Qe2 Nc4 23. Bxc4 bxc4 24. Nf3 Rd5 25. Rd4 Rxd4 26. cxd4 Qd5 27.
Rc1 Rc8 28. b3 c3 29. Qxa6 Ra8 30. Qe2 Ne4 31. Rc2 Rc8 32. Qd3 Rd8 33. Qc4 Qf5
34. Ne5 Nd6 35. Qxc3 Rc8 36. Nc6 Rc7 37. Qc5 Rd7 38. Qxf5 gxf5 39. Ne5 Ra7 40.
Kf1 f6 41. Nc6 1-0

[Event "11. Lichtenberger Sommer"]
[Site "Berlin"]
[Date "2012.08.19"]
[Round "2.43"]
[White "Olivares, Eduardo"]
[Black "Kornrumpf, Joachim"]
[Result "0-1"]
[WhiteElo "1849"]
[BlackElo "2073"]
[PlyCount "144"]
[EventDate "2012.??.??"]
[WhiteTeam "SC Zitadelle Spandau 1977 e.V."]
[BlackTeam "Preetzer TSV"]

1. d4 Nf6 2. c4 e6 3. Nc3 c5 4. e3 a6 5. Nf3 Qc7 6. Be2 d6 7. O-O Be7 8. Bd2
Nbd7 9. Rc1 b6 10. Bd3 Bb7 11. Qe2 O-O 12. Rfd1 Rfe8 13. Be1 Rac8 14. b3 Qb8
15. e4 cxd4 16. Nxd4 Nc5 17. Bb1 Bf8 18. f3 Ncd7 19. Qd2 Red8 20. Bh4 Be7 21.
Qe1 Nf8 22. Bg5 Ng6 23. Kh1 Re8 24. Qf2 Bd8 25. Nde2 Bc6 26. Rd2 h6 27. Be3 Bc7
28. Rcd1 b5 29. Nd4 Bd7 30. cxb5 axb5 31. Bd3 Ba5 32. Nb1 Bxd2 33. Bxd2 e5 34.
Ne2 Ne7 35. Bb4 Nc6 36. Bc3 b4 37. Bb2 Red8 38. g3 Be6 39. Kg2 Rc7 40. Nd2 Qa7
41. Bb1 Qxf2+ 42. Kxf2 d5 43. Ke1 dxe4 44. Nxe4 Rxd1+ 45. Kxd1 Nd5 46. Nc5 Bc8
47. Nd3 f6 48. Kd2 Ba6 49. Ndc1 Kf7 50. Be4 Nce7 51. g4 Rd7 52. Nd3 Bxd3 53.
Bxd3 Nc6 54. h4 Nf4 55. Nxf4 exf4 56. Kc2 Ne5 57. Be4 Rc7+ 58. Kd2 Ra7 59. Bxe5
Rxa2+ 60. Kd3 fxe5 61. Kc4 Re2 62. Bd5+ Ke7 63. Kxb4 Kd6 64. Bb7 e4 65. fxe4
Ke5 66. Kc3 Re3+ 67. Kd2 Rxb3 68. Bd5 Rh3 69. h5 Rg3 70. Ke2 Rxg4 71. Kf3 Rg3+
72. Kf2 Rh3 0-1

[Event "11. Lichtenberger Sommer"]
[Site "Berlin"]
[Date "2012.08.19"]
[Round "2.44"]
[White "Jachym, Adam"]
[Black "Burger, Heinrich"]
[Result "0-1"]
[WhiteElo "1881"]
[BlackElo "2138"]
[PlyCount "64"]
[EventDate "2012.??.??"]
[WhiteTeam "Spolem Opole"]
[BlackTeam "VfB Hermsdorf e.V."]

1. e4 c5 2. Nf3 e6 3. d4 cxd4 4. Nxd4 Nf6 5. Nc3 Nc6 6. Ndb5 Bb4 7. a3 Bxc3+ 8.
Nxc3 d5 9. exd5 exd5 10. Bd3 O-O 11. O-O h6 12. Bf4 d4 13. Ne2 Qd5 14. c4 dxc3
15. Nxc3 Qd4 16. Qd2 Rd8 17. Rad1 Bg4 18. Be3 Qe5 19. f3 Bf5 20. Qe2 Nd4 21.
Qf2 Bxd3 22. Rfe1 Nc2 23. Bb6 Nxe1 24. Rxe1 Qxe1+ 25. Qxe1 axb6 26. Qf2 Rd6 27.
g4 Rad8 28. Kg2 Bb5 29. Kg3 Bc6 30. Qxb6 Bxf3 31. Qb5 Bc6 32. Qa5 Rd3+ 0-1

[Event "11. Lichtenberger Sommer"]
[Site "Berlin"]
[Date "2012.08.19"]
[Round "2.45"]
[White "Rührmund, Daniel"]
[Black "Mayer, Herbert"]
[Result "1-0"]
[WhiteElo "2024"]
[BlackElo "1975"]
[PlyCount "49"]
[EventDate "2012.??.??"]
[WhiteTeam "SC Einheit Bautzen"]
[BlackTeam "SC Rochade e.V."]

1. e4 c5 2. Nf3 a6 3. c4 Nc6 4. d4 cxd4 5. Nxd4 e5 6. Nf5 Bb4+ 7. Bd2 Bc5 8.
Be3 Bxe3 9. fxe3 Qf6 10. Nc3 Nge7 11. Nd6+ Kf8 12. Qd2 g6 13. O-O-O Kg7 14. c5
Rf8 15. Bc4 Nd8 16. h4 Kg8 17. Rdf1 Qg7 18. g4 Ne6 19. Na4 Rb8 20. g5 b5 21.
cxb6 Bb7 22. Kb1 Nc8 23. Nxb7 Rxb7 24. Bxa6 Rb8 25. b7 1-0

[Event "11. Lichtenberger Sommer"]
[Site "Berlin"]
[Date "2012.08.19"]
[Round "2.46"]
[White "Becker, Uwe"]
[Black "Püschel, Werner"]
[Result "1/2-1/2"]
[WhiteElo "1817"]
[BlackElo "2121"]
[PlyCount "89"]
[EventDate "2012.??.??"]
[WhiteTeam "SV Glück auf Rüdersdorf e.V."]
[BlackTeam "SG Lasker Steglitz-Wilmersdorf"]

1. f4 g6 2. Nf3 Bg7 3. e3 b6 4. Be2 Bb7 5. O-O e6 6. c3 Nf6 7. d3 d5 8. Nbd2
O-O 9. Ne5 c5 10. g4 Nc6 11. Nxc6 Bxc6 12. g5 Nd7 13. d4 f6 14. Nf3 Qe7 15. Qe1
fxg5 16. Nxg5 e5 17. Bg4 e4 18. Qg3 Rf6 19. Qh3 Nf8 20. Qg3 Bd7 21. Bd2 h6 22.
Nh3 Bxg4 23. Qxg4 Rf5 24. Be1 Bf6 25. Kh1 Kh7 26. Rg1 Rc8 27. Rd1 cxd4 28. cxd4
Rc4 29. Qe2 Ne6 30. Bg3 Ng7 31. Rc1 Rxc1 32. Rxc1 g5 33. fxg5 hxg5 34. Rc7 Qe6
35. Qh5+ Kg8 36. Qg6 Rf1+ 37. Ng1 Qf5 38. Qf7+ Kh8 39. Qf8+ Kh7 40. Kg2 Rf3 41.
Qf7 Rxe3 42. Qh5+ Kg8 43. Qf7+ Kh7 44. Qh5+ Kg8 45. Qf7+ 1/2-1/2

[Event "11. Lichtenberger Sommer"]
[Site "Berlin"]
[Date "2012.08.19"]
[Round "2.47"]
[White "Amelang, Thomas"]
[Black "Getzuhn, Detlef"]
[Result "1-0"]
[WhiteElo "2140"]
[BlackElo "1904"]
[PlyCount "119"]
[EventDate "2012.??.??"]
[WhiteTeam "SK Siemens München"]
[BlackTeam "SV Senat e.V."]

1. e4 e6 2. d4 d5 3. exd5 exd5 4. Bd3 Bd6 5. Nc3 c6 6. h3 h6 7. Nf3 Ne7 8. Ne5
Nd7 9. f4 a6 10. Ne2 c5 11. c3 Qb6 12. a3 Nf6 13. b4 cxb4 14. axb4 O-O 15. Ng3
Bd7 16. Nxd7 Nxd7 17. Qg4 Nf6 18. Qf3 Qc7 19. O-O Rac8 20. Bd2 Rfe8 21. Nh5
Nxh5 22. Qxh5 Qc6 23. Qg4 Bb8 24. Rab1 b5 25. Ra1 Qd6 26. Rae1 Kh8 27. Re3 Ng8
28. Re5 Nf6 29. Qf3 Ne4 30. Bxe4 dxe4 31. Qxe4 Qd7 32. Qd5 Qxd5 33. Rxd5 Re2
34. Rf2 Re4 35. Rd7 Kg8 36. Rb7 Rce8 37. Kf1 Kf8 38. h4 Bd6 39. g3 Be7 40. Rb6
Re6 41. Rxe6 fxe6 42. f5 Kf7 43. fxe6+ Kxe6 44. Re2+ Kd7 45. h5 Rf8+ 46. Rf2
Bf6 47. Ke2 Re8+ 48. Kd3 Re6 49. Rf5 Rd6 50. Bf4 Re6 51. d5 Re1 52. Bxh6 Bxc3
53. Bxg7 Bxb4 54. h6 Rh1 55. g4 Rh3+ 56. Ke4 Rh4 57. Rh5 Rxg4+ 58. Kf3 Rg6 59.
h7 Rxg7 60. h8=Q 1-0

[Event "11. Lichtenberger Sommer"]
[Site "Berlin"]
[Date "2012.08.19"]
[Round "2.48"]
[White "Gnaß, Erhard"]
[Black "Albrecht, Rainer"]
[Result "0-1"]
[WhiteElo "1528"]
[BlackElo "2110"]
[PlyCount "80"]
[EventDate "2012.??.??"]
[WhiteTeam "SK Zehlendorf e.V."]
[BlackTeam "SC Kreuzberg e.V."]

1. c4 f5 2. e3 Nf6 3. Nf3 e6 4. Nc3 b6 5. Be2 Bb7 6. O-O Bb4 7. Qb3 Bxc3 8.
Qxc3 O-O 9. d3 Qe7 10. b3 d6 11. Bb2 e5 12. Ne1 Nbd7 13. f3 c5 14. Rf2 g5 15.
Rd1 Rae8 16. Bc1 f4 17. e4 Nb8 18. g4 fxg3 19. hxg3 Nh5 20. g4 Nf4 21. Bxf4
gxf4 22. Rh2 Nc6 23. Ng2 Nd4 24. Qe1 Bc8 25. Qf2 Bxg4 26. Rf1 Bd7 27. Bd1 Kh8
28. Qh4 Qxh4 29. Nxh4 Rg8+ 30. Kf2 Re7 31. Rg1 Rxg1 32. Kxg1 Rg7+ 33. Kf2 Rg3
34. a3 Rh3 35. Rxh3 Bxh3 36. Kg1 Kg7 37. Kh2 Bf1 38. Nf5+ Nxf5 39. exf5 Bxd3
40. b4 Bxc4 0-1

[Event "11. Lichtenberger Sommer"]
[Site "Berlin"]
[Date "2012.08.19"]
[Round "2.49"]
[White "Grozea, Filip"]
[Black "Kollars, Dmitrij"]
[Result "0-1"]
[WhiteElo "822"]
[BlackElo "1996"]
[PlyCount "68"]
[EventDate "2012.??.??"]
[WhiteTeam "TSG Oberschöneweide e.V."]
[BlackTeam "Delmenhorster SK V 1931"]

1. e4 c5 2. Nc3 Nc6 3. Nf3 g6 4. Bb5 Bg7 5. Bxc6 bxc6 6. d3 Nf6 7. Bg5 O-O 8.
Bxf6 Bxf6 9. O-O d6 10. d4 cxd4 11. Nxd4 Qb6 12. Nf3 Qxb2 13. Ne2 Qxa1 14. Qxa1
Bxa1 15. Rxa1 Bg4 16. Ned4 Bxf3 17. Nxf3 c5 18. c4 Rab8 19. h3 Rb4 20. Rc1 Rfb8
21. g4 Rb1 22. Rf1 Rxf1+ 23. Kxf1 Rb2 24. a3 Rb3 25. a4 Rxf3 26. Kg2 Ra3 27. a5
Rxa5 28. Kg3 Ra3+ 29. f3 a5 30. Kf4 e5+ 31. Kg3 a4 32. Kh4 Rxf3 33. Kg5 f6+ 34.
Kh6 Rxh3# 0-1

[Event "11. Lichtenberger Sommer"]
[Site "Berlin"]
[Date "2012.08.19"]
[Round "2.50"]
[White "Meyer, Ulrich"]
[Black "Lieder, Günter"]
[Result "1-0"]
[WhiteElo "2069"]
[BlackElo "1862"]
[PlyCount "51"]
[EventDate "2012.??.??"]
[WhiteTeam "Schachclub Sendenhorst e.V."]
[BlackTeam "SK Turm Bad Hersfeld"]

1. d4 d5 2. Bf4 Nf6 3. Nf3 e6 4. e3 c5 5. c3 Nc6 6. Bd3 cxd4 7. exd4 a6 8. Nbd2
b5 9. Ne5 Bb7 10. a3 Nxe5 11. dxe5 Nd7 12. Nf3 Nc5 13. Bc2 Be7 14. Nd4 Bg5 15.
Qg4 Bxf4 16. Qxf4 Qe7 17. O-O h6 18. Rfe1 g5 19. Qe3 Rc8 20. Rac1 Kf8 21. Bd1
Kg7 22. Bh5 Ba8 23. Rf1 Rc7 24. f4 gxf4 25. Rxf4 Rf8 26. Rf6 1-0

[Event "11. Lichtenberger Sommer"]
[Site "Berlin"]
[Date "2012.08.19"]
[Round "2.51"]
[White "Lauridsen, Jesper Morch"]
[Black "Müller, Johannes"]
[Result "1-0"]
[WhiteElo "2249"]
[BlackElo "1896"]
[PlyCount "41"]
[EventDate "2012.??.??"]
[WhiteTeam "Sydostfyn"]
[BlackTeam "SC Eintracht Berlin e.V."]

1. e4 c6 2. d4 d5 3. exd5 cxd5 4. c4 Nf6 5. Nc3 e6 6. Nf3 Be7 7. cxd5 Nxd5 8.
Bd3 a6 9. O-O b5 10. Nxd5 Qxd5 11. Re1 Bb7 12. Be4 Qd7 13. Ne5 Qc8 14. Qf3 Bxe4
15. Qxf7+ Kd8 16. Qxg7 Rf8 17. Bg5 Re8 18. Bxe7+ Rxe7 19. Qf8+ Re8 20. Qd6+ Nd7
21. Nf7# 1-0

[Event "11. Lichtenberger Sommer"]
[Site "Berlin"]
[Date "2012.08.19"]
[Round "2.52"]
[White "Kollars, Michael"]
[Black "Berndt, Matthias"]
[Result "0-1"]
[WhiteElo "1649"]
[BlackElo "2142"]
[PlyCount "44"]
[EventDate "2012.??.??"]
[WhiteTeam "Delmenhorster SK V 1931"]
[BlackTeam "SC Fulda"]

1. c4 e5 2. Nc3 Nc6 3. g3 g6 4. Bg2 Bg7 5. e4 d6 6. Nge2 Be6 7. d3 Qd7 8. h3 f5
9. exf5 Bxf5 10. Bg5 Nf6 11. Qd2 O-O 12. Ne4 Rab8 13. Nxf6+ Bxf6 14. Bxf6 Rxf6
15. Bd5+ Kg7 16. g4 Be6 17. Bxe6 Qxe6 18. Ng3 Nd4 19. O-O-O b5 20. Ne4 Rf4 21.
b3 bxc4 22. bxc4 Rxe4 0-1

[Event "11. Lichtenberger Sommer"]
[Site "Berlin"]
[Date "2012.08.19"]
[Round "2.53"]
[White "Welz, Peter"]
[Black "Lang, Martin"]
[Result "1-0"]
[WhiteElo "2140"]
[BlackElo "1909"]
[PlyCount "53"]
[EventDate "2012.??.??"]
[WhiteTeam "SV Empor Berlin e.V."]
[BlackTeam "SC Zugzwang 95 e.V."]

1. e4 e5 2. Nf3 Nc6 3. d4 exd4 4. Nxd4 Bc5 5. Nb3 Bb6 6. a4 a6 7. Nc3 Qf6 8.
Qe2 Nge7 9. Nd5 Nxd5 10. exd5+ Ne7 11. h4 d6 12. a5 Ba7 13. Ra4 Bf5 14. g4 O-O
15. gxf5 Nxd5 16. Qf3 Rfe8+ 17. Kd1 Qe5 18. Bd3 Nf6 19. Rg1 d5 20. c3 Ne4 21.
Be3 c5 22. Bxe4 dxe4 23. Qg3 g6 24. Qxe5 Rxe5 25. fxg6 fxg6 26. Rg5 Rd8+ 27.
Ke2 1-0

[Event "11. Lichtenberger Sommer"]
[Site "Berlin"]
[Date "2012.08.19"]
[Round "2.54"]
[White "Krefenstein, Sergej"]
[Black "Bandsom, Olaf"]
[Result "1-0"]
[WhiteElo "2062"]
[BlackElo "1800"]
[PlyCount "66"]
[EventDate "2012.??.??"]
[WhiteTeam "TuS Makkabi Berlin e.V."]
[BlackTeam "SC Friesen Lichtenberg e.V."]

1. d4 Nf6 2. Nf3 g6 3. c4 d5 4. Bf4 Bg7 5. Nc3 O-O 6. e3 Bg4 7. h3 Bxf3 8. Qxf3
c6 9. Bd3 dxc4 10. Bxc4 Nbd7 11. O-O Nb6 12. Bb3 Nfd5 13. Bg3 Nxc3 14. bxc3 Rc8
15. Rfd1 e6 16. c4 Qf6 17. Qxf6 Bxf6 18. Rab1 Rfd8 19. c5 Nd7 20. Bc4 b6 21.
Ba6 bxc5 22. Bxc8 Rxc8 23. Rb7 Nb6 24. dxc5 Nd5 25. Rxa7 Nc3 26. Rdd7 Ne2+ 27.
Kh2 Nxg3 28. Kxg3 Rf8 29. a4 h5 30. a5 g5 31. a6 Be5+ 32. f4 h4+ 33. Kf3 Bf6
1-0

[Event "11. Lichtenberger Sommer"]
[Site "Berlin"]
[Date "2012.08.19"]
[Round "2.55"]
[White "Elsing, Jan"]
[Black "Geißler, Felix"]
[Result "1-0"]
[WhiteElo "2124"]
[BlackElo "1766"]
[PlyCount "77"]
[EventDate "2012.??.??"]
[WhiteTeam "SC Friesen Lichtenberg e.V."]
[BlackTeam "SC Kreuzberg e.V."]

1. e4 c5 2. Nc3 d6 3. g3 g6 4. Bg2 Bg7 5. d3 Nc6 6. Be3 Nf6 7. h3 Qc7 8. Nge2
a6 9. d4 cxd4 10. Nxd4 Bd7 11. O-O Ne5 12. Nd5 Nxd5 13. exd5 Nc4 14. Qc1 O-O
15. c3 Rac8 16. Re1 b5 17. Rb1 Qa5 18. a3 Rb8 19. Bh6 Rfe8 20. Re4 f5 21. Rh4
Bf6 22. Bg5 Ne5 23. Nc6 Nxc6 24. dxc6 Be6 25. Bxf6 exf6 26. Rd4 Qc7 27. Qd2
Rbd8 28. Re1 Re7 29. Re3 Kg7 30. Qd1 g5 31. Red3 Bc4 32. Rd2 Re6 33. b3 Bxb3
34. Qxb3 Re1+ 35. Kh2 f4 36. Qd5 fxg3+ 37. fxg3 Qe7 38. Re4 Qa7 39. Rxe1 1-0

[Event "11. Lichtenberger Sommer"]
[Site "Berlin"]
[Date "2012.08.19"]
[Round "2.56"]
[White "Gräfe, Charly"]
[Black "Wege, Hermann"]
[Result "1-0"]
[WhiteElo "1950"]
[BlackElo "1912"]
[PlyCount "72"]
[EventDate "2012.??.??"]
[WhiteTeam "SF Friedrichshagen"]
[BlackTeam "Schachclub Rathenow e.V."]

1. e4 c5 2. Nc3 Nc6 3. g3 g6 4. Bg2 Bg7 5. d3 e6 6. Be3 d6 7. Qd2 Nf6 8. h3 O-O
9. Nf3 Qc7 10. O-O Re8 11. d4 cxd4 12. Nxd4 a6 13. Rfd1 Bf8 14. Nce2 d5 15.
exd5 Nxd5 16. Nxc6 Nxe3 17. Qxe3 bxc6 18. Rd3 Rb8 19. b3 Be7 20. Rad1 c5 21.
Qf4 Qxf4 22. Nxf4 Kg7 23. Ne2 a5 24. Bc6 Rf8 25. Nc3 Ba6 26. Rd7 Bf6 27. Ne4 c4
28. Nc5 Rfc8 29. Nxa6 cxb3 30. axb3 Rb6 31. Be4 Be5 32. Ra7 Rf8 33. Nc5 Rc8 34.
Nd7 Rd8 35. Rd3 Rb4 36. Nxe5 Rxe4 1-0

[Event "11. Lichtenberger Sommer"]
[Site "Berlin"]
[Date "2012.08.19"]
[Round "2.57"]
[White "Urbaniak, Andreas"]
[Black "Herrmann, Markus"]
[Result "0-1"]
[WhiteElo "1708"]
[BlackElo "2048"]
[PlyCount "30"]
[EventDate "2012.??.??"]
[WhiteTeam "SV Berolina Mitte e.V."]
[BlackTeam "SG Turm Leipzig"]

1. f4 e5 2. d3 exf4 3. Bxf4 Qf6 4. Bxc7 Qxb2 5. Nd2 Na6 6. Ba5 Nb4 7. Bxb4 Bxb4
8. Ngf3 Nf6 9. Rb1 Bxd2+ 10. Nxd2 Qxa2 11. e4 O-O 12. Be2 Qe6 13. O-O d5 14.
exd5 Nxd5 15. Qe1 Nc3 0-1

[Event "11. Lichtenberger Sommer"]
[Site "Berlin"]
[Date "2012.08.19"]
[Round "2.58"]
[White "Baumert, Christian"]
[Black "Engers, Felix"]
[Result "1-0"]
[WhiteElo "2158"]
[BlackElo "1767"]
[PlyCount "37"]
[EventDate "2012.??.??"]
[WhiteTeam "SG Lasker Steglitz-Wilmersdorf"]
[BlackTeam "SC Zitadelle Spandau 1977 e.V."]

1. d4 Nf6 2. c4 e5 3. dxe5 Ng4 4. Bf4 Nc6 5. Nf3 Bb4+ 6. Nbd2 Qe7 7. a3 Ngxe5
8. Nxe5 Nxe5 9. e3 Bxd2+ 10. Qxd2 O-O 11. Be2 d6 12. O-O Rd8 13. Rfd1 Bg4 14.
f3 Bh5 15. e4 Bg6 16. Rac1 f5 17. Bg5 Qe6 18. Bxd8 Rxd8 19. Qd5 1-0

[Event "11. Lichtenberger Sommer"]
[Site "Berlin"]
[Date "2012.08.19"]
[Round "2.59"]
[White "Schlittermann, Wolfgang"]
[Black "Tiemer, Klaus"]
[Result "0-1"]
[WhiteElo "1755"]
[BlackElo "1963"]
[PlyCount "134"]
[EventDate "2012.??.??"]
[WhiteTeam "SV Osram e.V."]
[BlackTeam "TSG Oberschöneweide e.V."]

1. d4 Nf6 2. c4 g6 3. Nc3 Bg7 4. Nf3 O-O 5. e4 d6 6. h3 Nbd7 7. Bf4 c6 8. Qd2
Re8 9. Be2 Qa5 10. O-O e5 11. dxe5 dxe5 12. Bg5 Qc7 13. Be3 Nh5 14. Rfd1 Bf8
15. Nh2 Nf4 16. Bg4 Ne6 17. Rac1 Nf6 18. Bxe6 Bxe6 19. Nd5 cxd5 20. cxd5 Qd7
21. dxe6 Qxe6 22. f3 Qxa2 23. Ra1 Qe6 24. Bg5 Bc5+ 25. Be3 Bd4 26. Bxd4 Red8
27. Qb4 a5 28. Rxa5 Rxa5 29. Qxa5 b6 30. Qa4 Qd7 31. Qxd7 Rxd7 32. Rd2 exd4 33.
Kf2 Kf8 34. g4 Ke7 35. e5 Ne8 36. f4 Nc7 37. Nf3 Ne6 38. f5 gxf5 39. gxf5 Nc5
40. Rxd4 Rxd4 41. Nxd4 Nd3+ 42. Ke3 Nxe5 43. b3 Kd6 44. Ke4 f6 45. Ne6 Nd7 46.
b4 Ne5 47. Nf8 h6 48. h4 Nc6 49. b5 Na7 50. Ne6 Nxb5 51. Nd8 Kc5 52. h5 Nd6+
53. Kf4 b5 54. Ne6+ Kc4 55. Ng7 b4 56. Ke3 Kc3 57. Ke2 Kc2 58. Ke3 b3 59. Kd4
b2 60. Kd5 Nc8 61. Ke6 b1=Q 62. Kxf6 Qb6+ 63. Ne6 Qd6 64. Kg6 Ne7+ 65. Kf6 Nd5+
66. Kg7 Qe7+ 67. Kh8 Nf6 0-1

[Event "11. Lichtenberger Sommer"]
[Site "Berlin"]
[Date "2012.08.19"]
[Round "2.61"]
[White "Matitschka, Heinz"]
[Black "Güldenpfennig, Gavin"]
[Result "1/2-1/2"]
[WhiteElo "1870"]
[BlackElo "1544"]
[PlyCount "59"]
[EventDate "2012.??.??"]
[WhiteTeam "TSG Oberschöneweide e.V."]
[BlackTeam "BSC Rehberge 1945 e.V."]

1. d4 d5 2. c4 e6 3. Nc3 Nf6 4. Bg5 c5 5. e3 Be7 6. Nf3 Qa5 7. Bd3 dxc4 8. Bxc4
O-O 9. O-O Rd8 10. Qe2 cxd4 11. exd4 Nc6 12. Rad1 Nxd4 13. Nxd4 Qxg5 14. Nxe6
fxe6 15. Bxe6+ Bxe6 16. Qxe6+ Kf8 17. Rfe1 Re8 18. Re5 Qg6 19. Qb3 Rad8 20.
Rde1 Bc5 21. Rxe8+ Rxe8 22. Rxe8+ Qxe8 23. Qd1 Qe7 24. h3 h6 25. Na4 Bb4 26.
Nc3 Kg8 27. Kf1 Qc7 28. Qb3+ Nd5 29. Qxd5+ Kh8 30. Kg1 1/2-1/2

[Event "11. Lichtenberger Sommer"]
[Site "Berlin"]
[Date "2012.08.19"]
[Round "2.62"]
[White "Baranowsky, Peter"]
[Black "Schröder, Gert"]
[Result "1-0"]
[WhiteElo "1963"]
[BlackElo "1391"]
[PlyCount "47"]
[EventDate "2012.??.??"]
[WhiteTeam "Sfrd. Berlin 1903 e.V."]
[BlackTeam "SV Königsjäger Süd-West e.V."]

1. e4 c6 2. d4 Nf6 3. e5 Nd5 4. c4 Nb6 5. Bd3 d5 6. c5 e6 7. cxb6 axb6 8. Nf3
c5 9. Nc3 c4 10. Bc2 Bd7 11. a4 b5 12. Bg5 Be7 13. Bxe7 Qxe7 14. axb5 Rxa1 15.
Qxa1 O-O 16. O-O b6 17. Qa7 Qd8 18. b3 f5 19. Qb7 Rf7 20. Ng5 Re7 21. Nxd5 exd5
22. Qxd5+ Kh8 23. e6 Qc7 24. Qxf5 1-0

[Event "11. Lichtenberger Sommer"]
[Site "Berlin"]
[Date "2012.08.19"]
[Round "2.63"]
[White "Petersen, Soren Boeck"]
[Black "Pilgrim, Wilfried"]
[Result "1-0"]
[WhiteElo "2279"]
[BlackElo "1486"]
[PlyCount "44"]
[EventDate "2012.??.??"]
[WhiteTeam "Damhus Skakklub"]
[BlackTeam "SC Kreuzberg e.V."]

1. e4 e6 2. d4 c6 3. Bd3 Be7 4. f4 d6 5. Nf3 h5 6. O-O h4 7. c4 g5 8. fxg5 e5
9. Be3 Bg4 10. Nbd2 Nd7 11. h3 Bh5 12. Qb3 exd4 13. Bxd4 Ne5 14. Nxe5 dxe5 15.
Bxe5 Bc5+ 16. Kh1 Rh7 17. Qxb7 Rc8 18. Nf3 Bg6 19. Qb3 f6 20. gxf6 Nxf6 21. Ng5
Nxe4 22. Nxe4 Bxe4 1-0

[Event "11. Lichtenberger Sommer"]
[Site "Berlin"]
[Date "2012.08.19"]
[Round "2.64"]
[White "Schneider, Eckehard"]
[Black "Paulsen, Dirk"]
[Result "0-1"]
[WhiteElo "1795"]
[BlackElo "2374"]
[PlyCount "46"]
[EventDate "2012.??.??"]
[WhiteTeam "Sfrd. Berlin 1903 e.V."]
[BlackTeam "SG Lasker Steglitz-Wilmersdorf"]

1. e4 c6 2. d4 Nf6 3. e5 Nd5 4. c4 Nc7 5. Nc3 d6 6. Nf3 Bg4 7. Be2 Bxf3 8. Bxf3
dxe5 9. dxe5 Nd7 10. Qe2 Ne6 11. O-O Nd4 12. Qd1 Nxe5 13. Be2 e6 14. Bf4 Ng6
15. Bg3 Be7 16. Re1 O-O 17. Qd3 Nf5 18. Rad1 Qa5 19. Qd7 Qb6 20. Na4 Qb4 21. b3
Nxg3 22. hxg3 Rad8 23. Qc7 Rc8 0-1

[Event "11. Lichtenberger Sommer"]
[Site "Berlin"]
[Date "2012.08.19"]
[Round "2.65"]
[White "Heuser, Philip"]
[Black "Schönemann, Manfred"]
[Result "1-0"]
[WhiteElo "2147"]
[BlackElo "1788"]
[PlyCount "91"]
[EventDate "2012.??.??"]
[WhiteTeam "SG Heidelberg-Kirchheim"]
[BlackTeam "SV Turbine Berlin e.V."]

1. d4 Nf6 2. c4 e6 3. Nc3 d5 4. cxd5 exd5 5. Bg5 c6 6. e3 Be7 7. Qc2 h6 8. Bh4
O-O 9. Bd3 Ng4 10. Bg3 Bh4 11. Bxh4 Qxh4 12. Nf3 Nxe3 13. Nxh4 Nxc2+ 14. Bxc2
Re8+ 15. Kd2 Nd7 16. Rae1 Rxe1 17. Rxe1 Nf6 18. Nf5 Kf8 19. Nd6 b6 20. Nxc8
Rxc8 21. Bf5 Rc7 22. Re5 g6 23. Bh3 g5 24. Bf5 Nh5 25. g3 f6 26. Re1 Ng7 27.
Bh3 h5 28. Rc1 g4 29. Bg2 Re7 30. Ne2 Re6 31. Nf4 Rd6 32. Kd3 Kf7 33. Rxc6 Rxc6
34. Bxd5+ Re6 35. Nxe6 Nxe6 36. Ke4 Ke7 37. Bxe6 Kxe6 38. d5+ Kd6 39. Kf5 Kxd5
40. Kxf6 b5 41. Kg5 Ke4 42. Kxh5 Kf5 43. Kh4 a5 44. h3 gxh3 45. Kxh3 b4 46. g4+
1-0

[Event "11. Lichtenberger Sommer"]
[Site "Berlin"]
[Date "2012.08.19"]
[Round "2.66"]
[White "Zschäbitz, Klaus"]
[Black "Dittrich, Hans-Georg"]
[Result "1-0"]
[WhiteElo "2077"]
[BlackElo "1748"]
[PlyCount "83"]
[EventDate "2012.??.??"]
[WhiteTeam "BSG 1827 Eckbauer e.V."]
[BlackTeam "SG Blau-Weiß Stadtilm"]

1. d4 Nf6 2. c4 e6 3. g3 d5 4. Nf3 c6 5. Bg2 Bd6 6. b3 Nbd7 7. Bb2 Bb4+ 8. Nbd2
Ne4 9. O-O Nxd2 10. Nxd2 f5 11. Qc2 Nf6 12. Nf3 O-O 13. Ne5 Bd6 14. Nd3 Qc7 15.
c5 Be7 16. Bc1 Bd7 17. Bf4 Qd8 18. Ne5 Nh5 19. Bd2 Nf6 20. f3 Rc8 21. b4 Be8
22. Rab1 Nd7 23. Nd3 Bf6 24. Bc3 Bg5 25. f4 Bh6 26. b5 Nf6 27. a4 Ng4 28. Qd2
Nf6 29. Ne5 Ne4 30. Bxe4 fxe4 31. bxc6 Bxc6 32. Nxc6 bxc6 33. Rb7 g5 34. e3
gxf4 35. gxf4 Rf7 36. Qg2+ Rg7 37. Rxg7+ Bxg7 38. Qg4 Kf7 39. f5 exf5 40. Rxf5+
Kg8 41. Rg5 Qf6 42. Qxc8+ 1-0

[Event "11. Lichtenberger Sommer"]
[Site "Berlin"]
[Date "2012.08.19"]
[Round "2.67"]
[White "Wierzbicki, Jirawat"]
[Black "Dreke, Frank"]
[Result "1-0"]
[WhiteElo "1584"]
[BlackElo "2025"]
[PlyCount "78"]
[EventDate "2012.??.??"]
[WhiteTeam "TuS Makkabi Berlin e.V."]
[BlackTeam "Treptower SV 1949 e.V."]

1. e4 c5 2. c3 d5 3. exd5 Qxd5 4. d4 Nf6 5. Nf3 e6 6. Bd3 Nc6 7. O-O Be7 8. Re1
O-O 9. h3 Rd8 10. Be3 b6 11. Nbd2 Bb7 12. Qe2 cxd4 13. Bc4 d3 14. Bxd5 dxe2 15.
Bc4 Nd5 16. Bxe2 Nxe3 17. fxe3 e5 18. Rad1 Rac8 19. Nc4 f6 20. Rxd8+ Rxd8 21.
Rd1 Rxd1+ 22. Bxd1 b5 23. Ncd2 Bc5 24. Kf2 Kf8 25. Be2 a6 26. b4 Ba7 27. a3 Ke7
28. c4 bxc4 29. Bxc4 e4 30. Nxe4 Nxb4 31. axb4 Bxe4 32. Bxa6 Kd6 33. Nd4 Bb6
34. Bc4 g5 35. Be2 Ke5 36. Bf3 Bd3 37. Nc6+ Ke6 38. Na5 Kd6 39. Be2 Bxe2 1-0